| 000 | 00822nas a2200253 4500 | ||
|---|---|---|---|
| 001 | BR2011005724 | ||
| 003 | BR-BrBNA | ||
| 005 | 20231205115659.0 | ||
| 007 | ta | ||
| 008 | 230509b bl.|||p| |||| 00| 00por d | ||
| 040 |
_aBR-BrBNA _bpor _cBiblioteca Nacional de Agricultura |
||
| 041 | _a(Pt) | ||
| 072 | _aQ02; Q04 | ||
| 100 | 1 | _aAbujamra, L.B. | |
| 100 | 1 | _aCabello, C. | |
| 245 | 1 | _aEfeito de parâmetros variáveis de fermentação sobre o crescimento celular e composição química do fermentado de batata-doce | |
| 650 | _aBEBIDA ALCÓOLICA | ||
| 650 | _aHIDRÓLISE | ||
| 650 | _aDESIDRATAÇÃO | ||
| 650 | _aANÁLISE QUÍMICA | ||
| 773 | 0 |
_tEnergia na Agricultura (Brazil) _xISSN 1808-8759 _g(2010), v. 25(3) p. 79-93 _wBR2011005724 |
|
| 909 |
_a202311 _bLúcia _c55 _dLúcia Elande |
||
| 942 |
_2AGRIS _n0 _cANA |
||
| 999 |
_c215206 _d215206 |
||